Manual de Viticultura.

Uloženo v:
Podrobná bibliografie
Hlavní autor: Rey, Alain (Autor)
Další autoři: Pijoan, Manuel (traducción)
Médium: Neznámo
Jazyk:angličtina
Vydáno: Barcelona, España: Omega, 2013
Vydání:11ª edición.
Témata:
Tagy: Přidat tag
Žádné tagy, Buďte první, kdo vytvoří štítek k tomuto záznamu!

MARC

LEADER 00000 a2200000 4500
003 CL-VaPUC
005 20250228115632.0
008 220302b2013 ||||| |||| 00| 0 eng d
999 |c 434546  |d 434544 
020 |a 978-84-282-1598-5 
040 |c Pontificia Universidad Católica de Valparaíso 
082 |a 634.8 REY 2013  |2 22 
100 |a Rey, Alain  |e author  |9 405898 
245 |a Manual de Viticultura. 
250 |a 11ª edición. 
260 |a Barcelona, España:  |b Omega,  |c 2013 
300 |a 593 páginas 
583 |k Cristina María Rojas Aguilar  |c 20220302 
650 0 |a Viticultura  |9 301210 
650 0 |a Vid  |x Anatomía y morfología   |9 264784 
650 0 |a Viñedos  |9 389603 
700 |a Pijoan, Manuel  |e traducción  |9 866846 
942 |2 ddc  |c BK 
952 |0 0  |1 0  |2 ddc  |4 0  |6 634_800000000000000_REY_2013  |7 0  |8 A  |9 581588  |a BIBAGR  |b BIBAGR  |c GEN  |d 2022-03-02  |e 3  |g 70150.00  |i 5648432  |l 5  |o 634.8 REY 2013  |p 5648432  |r 2025-01-20  |s 2023-03-21  |t 1  |v 70150.00  |w 2022-03-02  |y BK  |k AGR